000 00798nam a2200301 a 4500
003 AR-BaBNM
005 20251128202756.0
008 082120s2002 ||||||||||||||000 | spa||
040 _cAR-BaBNM
100 1 _aJitrik, Noé
245 0 0 _aLeopoldo Lugones, mito nacional
260 _aBuenos Aires
_bPalestra
_c1960
300 _a54 p.
490 0 _aAgramante
500 _aContiene índice de autores citados en p. 55
500 _aIndice de obras de Lugones en p. 59
650 4 _aLITERATURA ARGENTINA
650 4 _aCRITICA LITERARIA
650 4 _aESCRITORES
650 4 _aVIDA LITERARIA
650 4 _aLITERATURA CONTEMPORANEA
650 4 _aBIOGRAFIAS
653 _aMODERNISMO
655 _aLITERATURA
800 1 _aSelser, Gregorio
_edirector
942 _cBK
998 _cMARTIN
999 _c510
_d510